000 00500nam a2200181Ia 4500
005 20250326130416.0
008 250326s9999 xx 000 0 und d
037 _aTextbook
040 _aFMSL
_beng
_cFMSL
041 _aeng
_2eng
084 _aX:8SNI L3
_qFMSL
100 _aUyterhoeven H E R
_9737403
245 0 _aStrategy & ongranization
_cUyterhoeven H E R
260 _aNY
_bNY, Richard D Irwin
_c1973
300 _a855p
942 _cTB
_hX:8SNI L3
999 _c1282362
_d1282362